000 01012nam2a22002411 4500
001 RU\NLR\INFOCOMM16\1000061540
005 20250617053923.0
035 _a(NLR Aleph) 002492432
090 _a2521119
_c2521119
100 _a20040406d1995 |||y0rusy50 ca
101 0 _arus
102 _aRU
105 _ay |||||||||
200 1 _aНеврология
210 _d1995
_aБ. м.
461 0 _1001RU\NLR\INFOCOMM16\1000061538
_12001#$aКремлевская медицина. Клинический вестник$eЕжекварт. науч.-практ. журн.$vГ.3 1995, 2
_93046284
_cМ.
_d1995 -
_nМед. центр Упр. делами Президента Рос. Федерации
_oЕжекварт. науч.-практ. журн.
_tКремлевская медицина. Клинический вестник
_x1818-460X
_vГ.3 1995, 2
801 1 _aRU
_bInfoComm
_c20040406
801 0 _aRU
_bNLR
_gPSBO
852 _aNLR
_jП17/464
942 _cISSUE
980 _aNB
980 _aRUSPER